000 00378nam a22001697a 4500
005 20260618134855.0
020 _a978-81-994479-8-1
041 _aEnglish
082 _aT16 R25 GAN
100 _aGaneshar Karthika
245 _aIndhiya Naattiyathin Thiraavida Marapu
250 _a1
260 _aChennai
_bNCBH
_c2025
300 _a208
365 _b165.00
942 _cBK
999 _c177948
_d177948